| 000 | 00813cam a2200253 a 4500 | ||
|---|---|---|---|
| 001 | 7259 | ||
| 003 | BD-RjUL | ||
| 005 | 20211208234403.0 | ||
| 008 | 160727s1967 enk 001 0 eng d | ||
| 035 |
_aOCLC 06303681 from mvso52 _a(BD-RjUL)7302 |
||
| 040 |
_aDLC _cDLC _dm.c. _dEQO _dBD-RjUL _beng |
||
| 041 | _aeng | ||
| 082 |
_a342.4100264 _bKEC 1967 |
||
| 100 | 1 |
_aKeir, David Lindsay, _d1895-1973. _915146 |
|
| 245 | 1 | 0 |
_aCases in constitutional law / _cD.L. Keir and F.H. Lawson. |
| 250 | _a5th ed. | ||
| 260 |
_aOxford : _bClarendon Press, _cc1967. |
||
| 300 |
_axxxv , 559 p. ; _c22 cm. |
||
| 500 | _aIncludes index. | ||
| 650 | 0 |
_aConstitutional law _zGreat Britain _vCases. _917276 |
|
| 700 | 1 |
_aLawson, F. H. _q(Frederick Henry), _d1897-1983. _912549 |
|
| 942 |
_2ddc _cBK |
||
| 999 |
_c7259 _d7259 |
||